Great movements in european history (1660-1919) / (Record no. 193977)
[ view plain ]
| 000 -LEADER | |
|---|---|
| fixed length control field | 00792 a2200157 4500 |
| 003 - CONTROL NUMBER IDENTIFIER | |
| control field | Nust |
| 005 - DATE AND TIME OF LATEST TRANSACTION | |
| control field | 20230201130627.0 |
| 040 ## - CATALOGING SOURCE | |
| Transcribing agency | Nust |
| 082 ## - DEWEY DECIMAL CLASSIFICATION NUMBER | |
| Classification number | 940,MOY |
| 100 ## - MAIN ENTRY--PERSONAL NAME | |
| Personal name | Bartlett,H.Moyese |
| 9 (RLIN) | 108379 |
| 245 ## - TITLE STATEMENT | |
| Title | Great movements in european history (1660-1919) / |
| Statement of responsibility, etc. | H.Moyese Bartlett |
| 260 ## - PUBLICATION, DISTRIBUTION, ETC. | |
| Place of publication, distribution, etc. | London |
| Name of publisher, distributor, etc. | Geroge G. Harrap |
| Date of publication, distribution, etc. | 1940 |
| 300 ## - PHYSICAL DESCRIPTION | |
| Extent | 431 pages |
| 505 ## - FORMATTED CONTENTS NOTE | |
| Formatted contents note | The Decline Of The Power Of Holland (Page-13), The Ambitions Of Louis (Page-36), The Rivalry Of England And France (Page-63), Frederick The Great And The Rise Of Prussia (Page-101), The French Revolution (Page-134),The Unification Of Italy (Page-252), Bismarck And The Union Of Germany (Page-285), The Action Of Russia (Page-317), The Cause Ad Results Of War Of 1914-18 (Page-359). |
| 942 ## - ADDED ENTRY ELEMENTS (KOHA) | |
| Source of classification or shelving scheme | |
| Koha item type | Book |
| Call number prefix | 940,MOY |
| Withdrawn status | Lost status | Source of classification or shelving scheme | Damaged status | Not for loan | Permanent Location | Current Location | Shelving location | Date acquired | Full call number | Barcode | Date last seen | Price effective from | Koha item type | Public note |
|---|---|---|---|---|---|---|---|---|---|---|---|---|---|---|
| Military College of Signals (MCS) | Military College of Signals (MCS) | General Stacks | 12/12/2016 | 940,MOY | MCS29450 | 12/08/2016 | 12/12/2016 | Book | Almirah No. 59, Shelf No. 6 |
